[Event "Oslo Vederhus Memorial op B"]
[Site "Oslo"]
[Date "2013.09.29"]
[Round "7"]
[White "Gronn, Embla Eikeland"]
[Black "Suntharalingam, Jarani"]
[Result "1/2-1/2"]
[WhiteElo "847"]
[BlackElo "1646"]
[PlyCount "99"]
[EventDate "2013.09.29"]
[EventType "swiss"]
[EventRounds "9"]
[EventCountry "NOR"]
[SourceTitle "EXT 2024"]
[Source "ChessBase"]
[SourceDate "2023.10.10"]
[SourceVersion "1"]
[SourceVersionDate "2023.10.10"]
[SourceQuality "1"]

1. d4 d5 2. Nc3 Nf6 3. Bg5 e6 4. e4 Be7 5. e5 Nfd7 6. Bxe7 Qxe7 7. Bd3 c5 8. Nb5 Qd8 9. Nd6+ Ke7 10. c3 cxd4 11. cxd4 Qa5+ 12. Qd2 Qxd2+ 13. Kxd2 Nc6 14. Ne2 f6 15. f4 g6 16. Rac1 Nb6 17. b3 Nd8 18. Rc7+ Bd7 19. Bb5 a6 20. Bxd7 Nxd7 21. Nc1 h5 22. Nd3 b6 23. a4 a5 24. Nf2 Rh7 25. Nc8+ Ke8 26. Nxb6 Rb8 27. Nc8 Rxb3 28. Nd6+ Kf8 29. Nd3 Rg7 30. Rc8 Ke7 31. exf6+ Nxf6 32. Rc7+ Kf8 33. Rxg7 Kxg7 34. Rc1 Ra3 35. Rc7+ Kf8 36. Ne5 Rxa4 37. Nxg6+ Kg8 38. Ke3 Ra3+ 39. Kf2 Ng4+ 40. Ke2 Ra2+ 41. Kf3 Nxh2+ 42. Kg3 Nf1+ 43. Kh3 Ra3+ 44. Kh4 Rg3 45. Kxh5 Rxg2 46. Rd7 Nc6 47. Ne8 Ng3+ 48. Kg5 Ne4+ 49. Kh5 Rh2+ 50. Kg4 1/2-1/2